Indus to cauvery : (Record no. 42258)

MARC details
000 -LEADER
fixed length control field 00706nam a22001937a 4500
005 - DATE AND TIME OF LATEST TRANSACTION
control field 2010081705315.0
010 ## - LCCN (DPL NO)
LC control number ENG-100593
020 ## - INTERNATIONAL STANDARD BOOK NUMBER
International Standard Book Number 8178711524
Terms of availability 175.00
035 ## - SYSTEM CONTROL NUMBER
System control number EN-84126
037 ## - SOURCE OF ACQUISITION
Source of stock number/acquisition DBAD/PUB
082 ## - DEWEY DECIMAL CLASSIFICATION NUMBER
Classification number 954.01
100 ## - MAIN ENTRY--PERSONAL NAME
Personal name Yadav,RamLal Singh
245 ## - TITLE STATEMENT
Title Indus to cauvery :
Remainder of title Diffusion and distribution of yadavas /
Statement of responsibility, etc by RamLal Singh Yadav
260 ## - PUBLICATION, DISTRIBUTION, ETC. (IMPRINT)
Place of publication, distribution, etc Gurgaon
Name of publisher, distributor, etc Hope India Publications
Date of publication, distribution, etc 2009
270 ## - ADDRESS
Address 85, Sector 23, Gurgaon
City Gurgaon
Postal code 122017
300 ## - PHYSICAL DESCRIPTION
Extent 167p
Dimensions 21cm(pbk)
942 ## - ADDED ENTRY ELEMENTS (KOHA)
Source of classification or shelving scheme Dewey Decimal Classification
Item type English Books
Classification part 954.01
Call number suffix YAD
Holdings
Withdrawn status Lost status Not for loan Collection code Home library Current library Date acquired Source of acquisition Cost, normal purchase price Full call number Barcode Copy number Cost, replacement price Koha item type
    Not For Loan Non-fiction D.B.Act.Division D.B.Act.Division 17/08/2010 DBAD/PUB 175.00 954.01 YAD EN-84126 1 175.00 English Books

© Delhi Public Library
Hit Counter
free hit counter